000 00293nam a22001217a 4500
020 _a978-81-318-0705-7
041 _aENG
100 _a Singh.A.K
245 _aEntrepreneurship Devellopment and Management
250 _a2 edition
260 _aDelhi
_bUniversity Sclence Press
_c2008
300 _a96
999 _c48
_d48